Les Aventures de Tintin - Le Trésor de Rackham le Rouge - Statistiques

Statistiques générales
  • Ce quiz a été pris 615 fois
  • Le résultat moyen est 15 sur 18
Statistiques - réponses
Question Réponse % Correct
Quelle est la forme du submersible inventé par le professeur ? Un requin
98%
Le professeur Tournesol se présente à Tintin et au capitaine. Quel est son prénom ? Tryphon
97%
Finalement, où était caché le trésor de Rackham le Rouge ? Dans un globe terrestre
94%
Où le professeur Tournesol se cachait-il ? Dans une chaloupe
93%
Quel est le nom du bateau à bord duquel embarque l'expédition ? Le Sirius
90%
Arrivé chez le professeur, le capitaine Haddock est happé par une machine qui sert à... brosser les vêtements
88%
Quel proverbe clôt (avec humour !) cette aventure ? Tout est bien qui finit bien.
88%
Quelle est l'expression favorite du chevalier de Hadoque, que les perroquets de l'île se sont transmise ? Que le grrrand crrric me crrroque !
87%
Le château de Moulinsart est à vendre ! Avec quel argent le capitaine Haddock achète-t-il ce château ? Celui du professeur Tournesol
86%
Que contient le coffret ramené à la surface ? Des morceaux de parchemins
83%
Pour quelle raison Tintin doit-il abréger sa première descente en sous-marin ? Des algues se sont emmêlées dans l'hélice
82%
Quel est l'objet du premier vol commis à bord du bateau ? Une boîte de biscuits
82%
Que contiennent les caisses de whisky, à bord du bateau ? Des tôles
81%
Quel est l'âge de la bouteille de rhum que le capitaine remonte de l'épave ? 250 ans
78%
Par superstition, le capitaine refuse de lever l'ancre. Que lui est-il arrivé ? Il a cassé un miroir
75%
Selon le pendule du professeur Tournesol, où faut-il chercher le trésor ? À l'ouest
72%
Quel objet le capitaine Haddock cherche-t-il, pour pouvoir partir en expédition ? Un scaphandre
69%
Quels objets Tintin remonte-t-il de sa première expédition sous-marine ? Un sabre et une croix
56%
Aucun quiz correspondant
Distribution des résultats
% des personnes avec chaque résultat
Percentile par nombre de réponses
Votre historique - résultats
Vous n’avez pas pris ce quiz